| 000 | 00703nac a22002171u 4500 | ||
|---|---|---|---|
| 010 | _a 78025588 | ||
| 020 | _a0135160626 | ||
| 082 | 0 | 0 |
_a621.811 _bPAU |
| 090 |
_c6538 _d6538 |
||
| 100 | _aPaul, Burton, | ||
| 245 | 1 | 0 |
_aKinematics and dynamics of planar machinery / _cBurton Paul. |
| 260 |
_aEnglewood Cliffs, N.J. : _bPrentice-Hall,c1979. _cc1979. |
||
| 300 |
_axviii, 670 p. : _bill. ; _c25 cm. |
||
| 500 | _aIncludes index. | ||
| 500 | _aDistributer: Al-Ahram. | ||
| 504 | _aBibliography: p. 640-653. | ||
| 511 | _aCatalogued By: Mahitab. | ||
| 650 | 0 | _aMachinery, Kinematics of. | |
| 650 | 0 | _aMachinery, Dynamics of. | |
| 942 |
_cBB _k621.811PAU |
||
| 999 |
_c6538 _d6538 |
||